Normal view
MARC view
Entry Personal Name
001 - CONTROL NUMBER
- control field: 41902
003 - CONTROL NUMBER IDENTIFIER
- control field: ARRUPE
005 - DATE AND TIME OF LATEST TRANSACTION
- control field: 20180903104925.0
008 - FIXED-LENGTH DATA ELEMENTS
- fixed length control field: 180903|| aca||aabn | a|a d
040 ## - CATALOGING SOURCE
- Original cataloging agency: ARRUPE
- Transcribing agency: ARRUPE
100 ## - HEADING--PERSONAL NAME
- Personal name: Watson, Elizabeth A. F.
670 ## - SOURCE DATA FOUND
- Source citation: Work cat.: (ARRUPE): Watson, Elizabeth A. F., Literature in Perspective :Spenser, 1967.